[Event "Africa-ch"]
[Site "Hammamet"]
[Date "2019.07.17"]
[Round "9"]
[White "Adly, Ahmed"]
[Black "Makoto, Rodwell"]
[Result "1-0"]
[WhiteElo "2618"]
[BlackElo "2381"]
[PlyCount "65"]
[EventDate "2019.07.09"]
[EventType "swiss"]
[EventRounds "9"]
[EventCountry "TUN"]
[SourceTitle "CBM 191 Extra"]
[Source "ChessBase"]
[SourceDate "2019.09.30"]
[SourceVersion "1"]
[SourceVersionDate "2019.09.30"]
[SourceQuality "1"]

1. Nf3 Nf6 2. g3 g6 3. Bg2 Bg7 4. d4 c6 5. c4 d5 6. 0-0 0-0 7. Qb3 Qb6 8. Nc3 Qxb3 9. axb3 Na6 10. cxd5 Nxd5 11. Nxd5 cxd5 12. Bg5 e6 13. Rfc1 Bd7 14. Bf1 Rfc8 15. e3 f6 16. Bf4 Bf8 17. h4 Nb4 18. Rxc8 Bxc8 19. g4 Nc6 20. g5 f5 21. h5 gxh5 22. Kg2 Bd7 23. Be2 Rc8 24. Ne5 Nxe5 25. Bxe5 a6 26. Bxh5 Rc2 27. Rh1 Bg7 28. Bf7+ Kxf7 29. Rxh7 Be8 30. Rxg7+ Kf8 31. Rxb7 Rxb2 32. Bd6+ Kg8 33. Rb8 1-0